Teoría de la clase ociosa /
Saved in:
| Hovedforfatter: | |
|---|---|
| Andre forfattere: | |
| Format: | Electronisk eBog |
| Sprog: | spansk engelsk |
| Udgivet: |
México, D.F. :
Fondo de Cultura Económica,
2010.
|
| Udgivelse: | Primera edición electrónica. |
| Serier: | Colección Conmemorativa 70 aniversario.
|
| Fag: | |
| Online adgang: | Digitalia Hispánica |
| Tags: |
Tilføj Tag
Ingen Tags, Vær først til at tagge denne postø!
|
MARC
| LEADER | 00000nam a2200000Ii 4500 | ||
|---|---|---|---|
| 001 | DIGFCE0196 | ||
| 003 | NyNyDIG | ||
| 007 | cr ||||||||||| | ||
| 008 | 220217t20102004mx ob 000 0 spa d | ||
| 006 | m o d | ||
| 035 | |a (OCoLC)953822501 | ||
| 040 | |a DGITA |b eng |e rda |e pn |c DGITA | ||
| 020 | |a 9786071602725 |q eBook | ||
| 020 | |z 9789681638467 | ||
| 041 | 1 | |a spa |h eng | |
| 050 | 1 | 4 | |a HB831 ebook |
| 082 | 1 | 4 | |a 305.5234 |
| 100 | 1 | |a Veblen, Thorstein, |d 1857-1929, |e author. | |
| 240 | 1 | 0 | |a Theory of the leisure class. |l Spanish |s (Herrero) |
| 245 | 1 | 0 | |a Teoría de la clase ociosa / |c Thorstein Veblen ; traducción de Vicente Herrero. |
| 250 | |a Primera edición electrónica. | ||
| 264 | 1 | |a México, D.F. : |b Fondo de Cultura Económica, |c 2010. | |
| 264 | 4 | |c ©2004 | |
| 300 | |a 1 online resource. | ||
| 336 | |a text |b txt |2 rdacontent | ||
| 337 | |a computer |b c |2 rdamedia | ||
| 338 | |a online resource |b cr |2 rdacarrier | ||
| 347 | |a text file |2 rdaft | ||
| 347 | |b EPUB | ||
| 490 | 1 | |a Fondo de Cultura Económica 70 años | |
| 504 | |a Includes bibliographical references. | ||
| 588 | 0 | |a Online resource; title from ePub title page (Digitalia, viewed February 17, 2021) | |
| 650 | 0 | |a Leisure class. | |
| 650 | 0 | |a Social classes. | |
| 650 | 0 | |a Consumption (Economics) | |
| 655 | 0 | |a Electronic books. | |
| 700 | 1 | |a Herrero, Vicente, |e translator. | |
| 700 | 1 | |i Translation of: |a Veblen, Thorstein, |d 1857-1929. |t Theory of the leisure class. | |
| 791 | 2 | |a Digitalia (Firm), |e distributor. | |
| 793 | 0 | |g Digitalia eBook Collection: |a Fondo de Cultura Económica | |
| 776 | 0 | 8 | |i Print version: |a Veblen, Thorstein, 1857-1929. |s Theory of the leisure class. Spanish (Herrero). |t Teoría de la clase ociosa. |b Tercera edición. |d México, D.F. : Fondo de Cultura Económica, 2004 |z 9789681638467 |
| 830 | 0 | |a Colección Conmemorativa 70 aniversario. | |
| 856 | 4 | 0 | |3 Digitalia Hispánica |u https://digitalia.unach.elogim.com/a/42909/ |
| 910 | |a Premium collection: 2022 | ||